000 01139cam a22003497a 4500
001 3492837
003 EG-ScBUE
005 20220811113146.0
008 940315s2002 enk f 000 1 eng d
020 _a9780007121014
020 _a0007121016
040 _aDLC
_beng
_erda
_cDLC
_dDLC
_dEG-ScBUE
082 0 4 _a823.912
_222
_bCHR
100 1 _aChristie, Agatha,
_d1890-1976,
_eauthor.
_940452
240 1 0 _aThere is a tide.
_lEnglish
245 1 0 _aTaken at the flood /
_cAgatha Christie.
250 _aBerkley edition.
264 1 _aLondon :
_bHarper Collins Publishers,
_c2002.
300 _a231 pages ;
_c18 cm
336 _2rdacontent
_atext
_btxt
337 _2rdamedia
_aunmediated
_bn
338 _2rdacarrier
_avolume
_bnc
500 _a"Also published as There is a tide..."
500 _aSource: Copyright deposit.
_5DLC
650 7 _aPoirot, Hercule (Fictitious character)
_vFiction.
_2BUEsh
650 7 _aMissing persons
_xInvestigation
_zEngland
_vFiction.
_2BUEsh
651 _2BUEsh
653 _bHHUUEENN
655 7 _aDetective and mystery stories.
_2gsafd
_vReading book
942 _2ddc
_cBB
999 _c10618
_d10618